Elementos aleatórios por número atômico - Statistics

Estatísticas Gerais
  • Esse quiz foi jogado 211 vezes
  • A pontuação média é 10 de 15
Estatísticas das Respostas
# Elemento % Correto
35 Bromo
100%
20 Cálcio
100%
98 Califórnio
100%
6 Carbono
100%
58 Cério
100%
27 Cobalto
100%
9 Flúor
100%
15 Fósforo
100%
2 Hélio
100%
1 Hidrogênio
100%
3 Lítio
100%
116 Livermório
100%
10 Neônio
100%
113 Nihônio
100%
76 Ósmio
100%
86 Radônio
100%
11 Sódio
100%
22 Titânio
100%
92 Urânio
100%
23 Vanádio
100%
50 Estanho
88%
109 Meitnério
88%
39 Ítrio
86%
94 Plutônio
86%
85 Ástato
83%
16 Enxofre
83%
19 Potássio
83%
106 Seabórgio
83%
81 Tálio
83%
79 Ouro
82%
97 Berquélio
80%
5 Boro
80%
55 Césio
80%
17 Cloro
80%
105 Dúbnio
80%
63 Európio
80%
26 Ferro
80%
49 Índio
80%
25 Manganês
80%
65 Térbio
80%
118 Oganessônio
78%
13 Alumínio
75%
95 Amerício
75%
18 Argônio
75%
29 Cobre
75%
114 Fleróvio
75%
77 Irídio
75%
12 Magnésio
75%
111 Roentgênio
75%
4 Berílio
71%
83 Bismuto
71%
24 Crômio
71%
56 Bário
67%
82 Chumbo
67%
110 Darmstácio
67%
68 Érbio
67%
87 Frâncio
67%
31 Gálio
67%
42 Molibdênio
67%
115 Moscóvio
67%
60 Neodímio
67%
41 Nióbio
67%
8 Oxigênio
67%
78 Platina
67%
62 Samário
67%
14 Silício
67%
33 Arsênio
63%
100 Férmio
63%
117 Tenesso
63%
112 Copernício
60%
72 Háfnio
60%
70 Itérbio
60%
80 Mercúrio
60%
84 Polônio
60%
54 Xenônio
60%
89 Actínio
57%
57 Lantânio
57%
21 Escândio
56%
74 Tungstênio
56%
99 Einstênio
50%
38 Estrôncio
50%
64 Gadolínio
50%
103 Laurêncio
50%
28 Níquel
50%
7 Nitrogênio
50%
46 Paládio
50%
59 Praseodímio
50%
91 Protactínio
50%
88 Rádio
50%
44 Rutênio
50%
104 Rutherfórdio
50%
69 Túlio
50%
30 Zinco
50%
102 Nobélio
43%
45 Ródio
43%
34 Selênio
43%
48 Cádmio
40%
61 Promécio
40%
37 Rubídio
40%
40 Zircônio
40%
51 Antimônio
33%
101 Mendelévio
33%
47 Prata
33%
43 Tecnécio
33%
32 Germânio
29%
107 Bóhrio
25%
52 Telúrio
25%
90 Tório
25%
53 Iodo
20%
36 Criptônio
0%
96 Cúrio
0%
66 Disprósio
0%
108 Hássio
0%
67 Hólmio
0%
71 Lutécio
0%
93 Netúnio
0%
75 Rênio
0%
73 Tântalo
0%
Nenhum quiz correspondente encontrado
Distribuição das Pontuações
Porcentagem de Pessoas com Cada Pontuação
Percentil de Números Respondidos
Sua Pontuação Histórica
Você não jogou esse quiz